000 00504nam a2200145 a 4500
001 000045080
005 20201002045848.0
008 150202s1983 dr a 000 j spa d
040 _aDO-SdBNP
_bspa
_cBNPHU
100 1 _aMontalvo, Manuel
_973096
245 1 0 _aAnacaoba :
_bprehistoria de una navidad. /
_cManuel Montalvo.
260 _aAltos de Chavon, La Romana, República Dominicana :
_bMuseo Arqueologico Regional,
_c1983.
300 _a[31] p. :
_bil. ;
_c28 cm.
500 _aLibro de cuento para colorear
999 _c44569
_d44569